The Bartender's best friends : (Record no. 358057)
[ view plain ]
| 000 -LEADER | |
|---|---|
| fixed length control field | 00649nam a2200229Ia 4500 |
| 008 - FIXED-LENGTH DATA ELEMENTS--GENERAL INFORMATION | |
| fixed length control field | 180620s9999 xx 000 0 und d |
| 020 ## - INTERNATIONAL STANDARD BOOK NUMBER | |
| International Standard Book Number | 978-0-470-44718-5 |
| 050 ## - LIBRARY OF CONGRESS CALL NUMBER | |
| Classification number | REF TX 951 |
| 050 ## - LIBRARY OF CONGRESS CALL NUMBER | |
| Item number | .R44 2010 |
| 100 ## - MAIN ENTRY--PERSONAL NAME | |
| Personal name | Regan, Mardee Haidin. |
| 245 #4 - TITLE STATEMENT | |
| Title | The Bartender's best friends : |
| 245 #2 - TITLE STATEMENT | |
| Remainder of title | a complete guide to cocktails, martinis, and mixed drinks / |
| 245 #0 - TITLE STATEMENT | |
| Statement of responsibility, etc | Mardee Haidin Regan. |
| 260 ## - PUBLICATION, DISTRIBUTION, ETC. (IMPRINT) | |
| Place of publication, distribution, etc | New Jersey : |
| 260 ## - PUBLICATION, DISTRIBUTION, ETC. (IMPRINT) | |
| Name of publisher, distributor, etc | John Wiley & Sons, |
| 260 ## - PUBLICATION, DISTRIBUTION, ETC. (IMPRINT) | |
| Date of publication, distribution, etc | 2010 |
| 300 ## - PHYSICAL DESCRIPTION | |
| Extent | 392 pages : |
| 300 ## - PHYSICAL DESCRIPTION | |
| Dimensions | 21 cm. |
| 500 ## - GENERAL NOTE | |
| General note | Includes bibliographical references and index. |
| 650 ## - SUBJECT ADDED ENTRY--TOPICAL TERM | |
| Topical term or geographic name as entry element | Cocktails. |
| 650 ## - SUBJECT ADDED ENTRY--TOPICAL TERM | |
| General subdivision | Bartending. |
| Withdrawn status | Lost status | Damaged status | Home library | Current library | Shelving location | Date acquired | Cost, normal purchase price | Total Checkouts | Full call number | Barcode | Date last seen | Price effective from | Koha item type |
|---|---|---|---|---|---|---|---|---|---|---|---|---|---|
| South Mansfield College | South Mansfield College | Reference Section | 02/14/2011 | 1277.00 | REF TX 951 .R44 2010 | SMC05377 | 06/20/2018 | 06/20/2018 |